[Event "Nations Cup Online Prelim"]
[Site "Chess.com INT"]
[Date "2020.05.05"]
[Round "1.2"]
[White "Artemiev, Vladislav"]
[Black "Aronian, Levon"]
[Result "1-0"]
[WhiteElo "2716"]
[BlackElo "2773"]
[Annotator "Edouard,R"]
[PlyCount "95"]
[EventDate "2020.05.05"]
[EventType "team-tourn"]
[EventRounds "10"]
[EventCountry "USA"]
[SourceTitle "CBM 196"]
[Source "ChessBase"]
[SourceDate "2020.06.30"]
[SourceVersion "1"]
[SourceVersionDate "2020.06.30"]
[SourceQuality "1"]
[WhiteTeam "Russia"]
[BlackTeam "Europe"]
[WhiteTeamCountry "RUS"]

{[%evp 0,95,19,31,14,-14,-11,4,33,33,27,36,28,19,33,26,41,16,6,-13,0,11,11,9,
16,25,25,22,22,9,22,10,21,15,35,36,28,28,21,12,6,9,3,0,6,3,15,3,48,47,34,31,31,
38,34,31,31,34,35,41,49,34,132,74,115,171,159,181,181,85,245,460,447,244,417,
481,492,470,490,478,508,508,536,547,561,441,560,433,531,563,593,573,624,636,
748,827,843,843]} 1. d4 Nf6 2. c4 e6 3. Nc3 Bb4 4. Bd2 {Not the most
aggressive variation against the Nimzo-Indian!} O-O 5. Nf3 c5 $5 (5... b6 {
and 5...d5 are also reasonable moves.}) 6. a3 Bxc3 7. Bxc3 Ne4 {A necessary
move, to recapture the bishop pair.} 8. Rc1 $5 ({Usually White goes} 8. Qc2 {
but I do not think that it promises White any kind of advantage:} Nxc3 9. Qxc3
d6 (9... b6 10. e3 Bb7 11. Be2 d6 12. O-O Qe7 13. Rfd1 Nd7 14. Qd2 Rad8 15. b4
Nf6 $11 {0-1 (93) Kaczorowska,B (2210)-Voloshin,L (2423) Koszalin 1999}) (9...
Qf6 $5) 10. dxc5 dxc5 11. Rd1 Qe7 12. g3 Nc6 13. Bg2 e5 14. O-O e4 15. Nd2 Bf5
$11 {½-½ (80) Karthik,R (2212)-Schoppen,C (2507) Stockholm 2020}) 8... b6 9.
g3 Bb7 10. Bg2 Nxc3 (10... d6 {just looks fine for Black:} 11. O-O Nd7 12. Qd3
(12. Be1 Qc7 $132) 12... Qc7 13. Rfd1 f5 14. Bd2 Ndf6 $13 {1-0 (37) Abolianin,
A-David,A (2425) Antwerp 1994}) 11. Rxc3 cxd4 $6 {Helping White a lot!} ({
I can't see any problem for Black after} 11... d6 12. Rd3 Be4 13. Rd2 (13. dxc5
Bxd3 14. Qxd3 bxc5 15. Nd2 Nd7 16. Bxa8 Ne5 $11) 13... Qe7 $11) 12. Qxd4 Nc6
13. Qd2 $14 {We did not have the most fascinating opening investigation ever -
but the rest of the game is worth staying awake for!} Qe7 14. O-O Rfd8 15. e4
Rac8 16. Rd1 d6 17. b3 Ne5 18. Nd4 a6 19. Re3 Qc7 {Not much Black can do -
just wait.} 20. h3 h6 21. Qb2 {White takes his time - he is not in a hurry to
weaken himself with f4.} Qc5 22. a4 $1 {Preventing ...b5.} Kf8 23. Kh2 a5 $6 {
Not a good move - not because it gives away the b5-square, but because Black
is depriving himself of any counterplay with ...b5, ever.} (23... Qc7 $142) 24.
Qe2 Nc6 25. Red3 $1 (25. Nb5 Nb4 $132) 25... Nxd4 26. Rxd4 {A good exchange
for White. Black is simply worse in the long term.} Rc7 27. Qd2 Rcd7 28. Rd3
Ke7 29. f4 Bc6 30. Rf1 g5 $2 ({Black should have been more patient and played
something like} 30... f6) 31. fxg5 hxg5 $6 (31... Qxg5 32. Qf2 {would attack
both the b6- and f7-pawns.}) 32. Rd5 $3 {The fireworks start!} Bxd5 (32... exd5
33. Qxg5+ Kf8 34. Qh6+ Ke8 (34... Kg8 35. Rf4 $18) 35. exd5 (35. Qh8+ Ke7 36.
Qh4+ Ke8 37. exd5 {is even stronger.}) {and White wins, as} 35... Bb7 {allows}
36. Qh8+ Ke7 37. Re1+ Qe3 38. Rxe3#) 33. Qxg5+ Kf8 34. cxd5 $1 (34. exd5 {
is also good - but Artemiev continues playing the best moves!}) 34... Re7 (
34... exd5 35. Qh6+ Ke8 36. Qh8+ Ke7 37. Qf6+ Ke8 38. Rf5 $1 Re7 39. Bf1 $1 {
could have been another awesome finish.}) 35. e5 $3 $18 {Absolutely beautiful
- unpinning the d5-pawn! Black has no defence.} (35. Rf4 $2 Ke8 $132) (35. dxe6
$4 Qxg5 $19) 35... Rc8 (35... Ke8 36. Rc1 Qb4 37. dxe6 $18) (35... exd5 36. e6
Qc7 37. Qh6+ Kg8 38. exf7+ Rxf7 39. Bxd5 $18) (35... dxe5 36. dxe6 $18) 36. Rf4
$1 (36. Qh5 Ke8 37. dxe6 Qxe5 38. exf7+ Kf8 39. Qg4 {was another way to win.
White threatens Qxc8 and Qg8.}) 36... dxe5 (36... Qc3 37. exd6 $18) 37. Rc4 $18
exd5 38. Qh6+ Ke8 39. Rxc5 Rxc5 40. Qxb6 Rec7 41. Bxd5 Rc2+ 42. Bg2 e4 43. Qb5+
R7c6 44. h4 Kf8 45. Qb8+ Ke7 46. Kh3 f5 47. Qe5+ Re6 48. Qxf5 1-0

[Event "EU-chT (Men) 17th"]
[Site "Novi Sad"]
[Date "2009.10.28"]
[Round "7"]
[White "Navara, David"]
[Black "Eljanov, Pavel"]
[Result "0-1"]
[WhiteElo "2692"]
[BlackElo "2717"]
[Annotator "Eljanov,P"]
[PlyCount "72"]
[EventDate "2009.10.22"]
[EventType "team-swiss"]
[EventRounds "9"]
[EventCountry "YUG"]
[SourceTitle "CBM 133"]
[Source "ChessBase"]
[SourceDate "2009.11.19"]
[SourceVersion "1"]
[SourceVersionDate "2009.11.19"]
[SourceQuality "1"]
[WhiteTeam "Czech Republic"]
[BlackTeam "Ukraine"]
[WhiteTeamCountry "CZE"]
[BlackTeamCountry "UKR"]

1. Nf3 Nf6 2. c4 e6 3. g3 d5 4. d4 Bb4+ 5. Bd2 Be7 6. Bg2 c6 $5 {This move and
then 7...Nbd7 - not the most common move order. My friend and teammate in the
Ukraine team Zahar Efimenko also played it two rounds later and also with
great success. It restricts both white and black possibilities and became
strangely enough almost decisive for these victories (with Black!)} 7. O-O $1 (
{Practice has shown that not every pawn sacrifice in the Catalan is correct:} 
7. Bf4 Nbd7 8. Nc3 $6 dxc4 $1 9. e4 b5 $1 {Without castling it works very well.
} 10. d5 cxd5 11. exd5 Nc5 12. O-O Nxd5 13. Nxd5 exd5 14. Nd4 Bb7 15. Nxb5 O-O
16. Nc7 Rc8 17. Nxd5 Nd3 18. Nf6+ Bxf6 19. Bxb7 Nxf4 20. Bxc8 Qxd1 21. Rfxd1
Rxc8 22. gxf4 Bxb2 23. Rab1 c3 24. Re1 g6 25. Kg2 a5 26. Kf3 Kg7 27. Ke3 a4 28.
Rec1 Re8+ 29. Kf3 Bxc1 30. Rxc1 Rc8 31. Ke3 Rc4 32. f5 gxf5 33. Kd3 Rh4 34.
Rxc3 Rxh2 35. Ke2 Rh4 36. a3 h5 37. Rc5 Rh3 38. f3 Rh2+ 39. Ke3 Ra2 40. Kf4
Rxa3 41. Rxf5 h4 42. Rg5+ Kf6 43. Rf5+ Ke6 44. Re5+ Kd6 45. Rf5 Ra1 46. Rh5 Rb1
47. Kg4 Rg1+ 48. Kh3 a3 49. Ra5 Rg3+ 50. Kxh4 Rxf3 51. Kg4 Rb3 52. Kf4 Kc6 53.
Ke4 Kb6 54. Ra8 Kb5 55. Kd4 Rh3 56. Rb8+ Kc6 57. Ra8 f5 58. Ra5 f4 59. Kc4 Re3
60. Kd4 Kd6 61. Ra6+ Ke7 62. Ra4 Ke6 63. Ra5 Kf6 {0-1 Postny,E (2651)-Efimenko,
Z (2654)/Novi Sad SRB 2009/}) 7... Nbd7 8. Nc3 {I do not believe in this move
here. More solid and stronger is probably} (8. Qc2 {with transposition to
usual lines.}) 8... dxc4 $1 {This kind of position is better known with the
white bishop on c1. As usual in the Catalan, these circumstances are in
Black's favour.} 9. a4 a5 10. Bg5 $6 {Not such a good idea, but I believe
Black has a comfortable game anyway.} ({More logical is} 10. e4 O-O 11. Qe2 b6
(11... Nb6 12. Rfd1 $44) 12. Bf4 Ba6 13. Nd2 Bb4 14. Nxc4 Re8 {where the
pinned knight on c4 is rather annoying for White.}) 10... O-O 11. e3 Nd5 $1 {
This looks like Black is just better now.} 12. Bxe7 Qxe7 13. Nd2 N7b6 (13...
Qb4 14. Na2) 14. Qe2 Qb4 15. Nde4 Nd7 $1 {I've succeed with the little dance
by my knights and the pawn on c4 is out of danger for some time.} 16. Rfc1 b6 {
A very concrete approach.} ({An alternative which I'm also considered was} 
16... Rd8 17. Bf1 e5 $1 (17... N5b6 18. Rd1) 18. Qxc4 N5b6 $15 {but I like the
way I have played.}) 17. Na2 {Forced as Black is just a pawn up otherwise.}
Qxa4 18. Qxc4 Qxc4 19. Rxc4 Nb8 $1 $17 ({I was calculating the following lines:
} 19... Ne7 20. Nd6 Ba6 21. Rcc1 Rad8 $1 22. b4 $1 ({I was afraid of} 22. Nb4 {
but after} Nb8 $1 {it's more or less the same as in the game} (22... axb4 23.
Rxa6 Nb8 24. Ra7 Rxd6 25. Rxe7 $11) 23. Nxa6 Rxd6 24. Nxb8 Rxb8 $17) 22... Nb8
(22... a4 23. b5 Bxb5 24. Nxb5 cxb5 25. Nc3 b4 26. Nb5 $44) 23. Ne4 a4 24. Nac3
$44) 20. Rcc1 Rd8 21. Nac3 Na6 22. Nd2 Nab4 23. Na2 Nxa2 24. Rxa2 Ba6 25. Nc4
Bxc4 26. Rxc4 Rac8 27. Ra1 Nb4 28. Rac1 $2 {This was a little trap, strategy
mixed with tactics!} ({This position should be winning anyway. For example:} 
28. Kf1 Kf8 29. Ke2 Rd7 30. Rac1 Rdc7 31. h4 Ke7 {and ...c5 is coming soon.})
28... b5 29. Rxb4 axb4 30. Rc5 Rd6 31. Kf1 Ra8 32. Bxc6 Rc8 33. Be4 Rxc5 34.
dxc5 Rd1+ 35. Ke2 Rc1 36. c6 b3 0-1

[Event "CRO-ch"]
[Site "Slavonski Brod"]
[Date "1995.??.??"]
[Round "?"]
[White "Cebalo, Miso"]
[Black "Hulak, Krunoslav"]
[Result "1/2-1/2"]
[WhiteElo "2570"]
[BlackElo "2545"]
[Annotator "Endgame-CD"]
[PlyCount "132"]
[EventDate "1995.02.??"]
[EventType "tourn"]
[EventRounds "13"]
[EventCountry "CRO"]
[EventCategory "10"]
[SourceTitle "CBM 048"]
[Source "ChessBase"]
[SourceDate "1995.10.01"]
[SourceVersion "1"]
[SourceVersionDate "1995.10.01"]
[SourceQuality "1"]

1. d4 Nf6 2. Nf3 e6 3. c4 Bb4+ 4. Nbd2 b6 5. a3 Bxd2+ 6. Bxd2 Bb7 7. Bf4 d6 8.
e3 Nbd7 9. h3 Qe7 10. Be2 a5 11. O-O O-O 12. Bh2 Ne4 13. Qc2 a4 14. Nd2 Nxd2
15. Qxd2 e5 16. Rfe1 Qg5 17. f3 exd4 18. Qxd4 f5 19. Rad1 Nc5 20. Bf4 Qh4 21.
Bxd6 Qxd4 22. exd4 cxd6 23. dxc5 dxc5 24. Rd6 Rab8 25. Rxb6 Rfe8 26. Kf2 Ba8
27. Rb5 Rec8 28. Bd3 Bc6 29. Rxc5 Rxb2+ 30. Re2 Rxe2+ 31. Bxe2 f4 32. Bd3 Rd8
33. Ke2 Be8 34. Ra5 Rb8 35. Bc2 Rb2 36. Kd1 Ra2 37. Ra8 Kf7 38. Bxa4 Bxa4+ 39.
Rxa4 Rxg2 40. c5 Ke6 41. Rxf4 Kd5 42. Rg4 Rf2 43. Rxg7 Rxf3 44. Rxh7 Rxa3 45.
Rh5+ Kc6 46. h4 Ra4 47. Ke2 Rc4 48. Ke3 Ra4 49. Kf3 Rc4 50. Kg3 Rc3+ 51. Kg4
Rc4+ 52. Kg5 Rxc5+ 53. Kg6 $10 Rc4 $1 $8 (53... Rc3 $2 54. Rg5 $1 $18) 54. Rh7
Kb6 55. Rh6 Kb7 56. h5 Rc6+ 57. Kg5 Rc5+ 58. Kf4 Rc4+ 59. Ke5 Rc5+ 60. Kd4 Rb5
61. Rh8 Ka7 62. Kc4 Rf5 63. h6 Rf6 64. Kd5 Rb6 65. Kc5 Rf6 66. Rh7+ Ka6 1/2-1/2

[Event "Budapest FS02 GM"]
[Site "Budapest"]
[Date "2000.02.09"]
[Round "5"]
[White "Li, Wenliang"]
[Black "Hoang, Thanh Trang"]
[Result "1-0"]
[WhiteElo "2444"]
[BlackElo "2448"]
[Annotator "Engqvist"]
[PlyCount "173"]
[EventDate "2000.02.05"]
[EventType "tourn"]
[EventRounds "13"]
[EventCountry "HUN"]
[EventCategory "9"]
[SourceTitle "CBM 076"]
[Source "ChessBase"]
[SourceDate "2000.05.31"]
[SourceVersion "1"]
[SourceVersionDate "2000.05.31"]
[SourceQuality "1"]

1. d4 e6 2. c4 Nf6 3. Nf3 Bb4+ 4. Bd2 c5 {Vitolinsh} 5. Bxb4 {The critical
move. Black loses a centre-pawn and in return white cannot play the knight to
c3.} cxb4 6. g3 O-O 7. Bg2 d6 8. O-O ({Dohojan's idea} 8. Nbd2 {[%cal Yd2f1,
Yf1e3] followed by 9.Nf1 and 10.Ne3 in the spirit of the Steinitzmaneouvre in
Ruy Lopez is a solid set-up. Some examples:} Nc6 (8... Re8 9. Nf1 Qc7 (9... Qa5
10. N3d2 (10. Ne3 $5 {Razuvaev}) 10... e5 11. Nb3 Qc7 12. Ne3 a5 13. dxe5 dxe5
14. O-O a4 15. Nd2 Nc6 16. Nd5 Qd8 17. Ne4 $16 {Razuvaev-Ro.Mandl, Dortmund
1993 - 57/488}) (9... a5 10. Ne3 b6 11. a3 bxa3 12. bxa3 Ba6 13. O-O Nbd7 14.
Qb3 Rc8 15. Rfc1 Qe7 16. Rc2 Rc7 17. Rac1 Rec8 18. Nd2 $14 {Portisch-Chandler,
Reykjavik 1991}) 10. Ne3 b6 11. O-O Bb7 12. Qd2 a5 13. Rfd1 Nbd7 14. a3 bxa3
15. Rxa3 (15. bxa3 $14) 15... Nb8 $1 {[%cal Yb8a6,Ya6b4]} 16. b4 Nc6 17. bxa5
Nxa5 $13 {Kisnev-Nikolenko, SSSR 1989}) 9. Nf1 Bd7 (9... Qe7 10. Ne3 e5 11. O-O
$14 {Dohojan}) (9... Qa5 10. Ne3 b3+ 11. Qd2 Qxd2+ 12. Nxd2 Nxd4 (12... bxa2
13. Bxc6 $1 bxc6 14. Rxa2 $16 {Dohojan-Arnason, Soci 1988 - 46/675}) 13. Nxb3
Nxb3 14. axb3 $14 {Dohojan-Ionov, SSSR 1988}) (9... e5 10. Ne3 Ng4 11. Nd5 Nh6
12. O-O Nf5 13. e3 Be6 14. Qd2 a5 15. a3 Re8 16. Rfd1 bxa3 17. bxa3 exd4 18.
exd4 b5 $1 $11 {Kengis-Khalifman, Manila (ol) 1992}) 10. Ne3 Ne7 (10... a5 $2
11. d5 $16 {Christiansen}) 11. O-O a5 12. Qd3 b5 (12... Rc8 13. a3 Qb6 $8 (
13... bxa3 14. Qxa3 {[%cal Ra3a5,Ra3d6] Christiansen}) 14. axb4 Qxb4 {
Halifman-Christiansen, Las Palmas 1993 - 58/540} 15. Qa3 Qxa3 16. bxa3 $14 {
Christiansen}) 13. cxb5 Qb8 $11 {Christiansen}) 8... Re8 {The main variation.}
9. Qb3 (9. a3 {prevents 9...a5}) 9... a5 10. a3 Na6 11. Rd1 Qe7 12. Nbd2 e5 13.
Nf1 bxa3 14. bxa3 {Of course white doesn't allow the black knight to reach b4.}
exd4 15. Nxd4 Nc5 16. Qe3 Qf8 17. Qf4 Bd7 18. Ne3 $14 {Blacks pawns on d6 and
b7 are harder to defend than white's c4-pawn.} Rad8 19. Nef5 Nfe4 20. h4 Ba4
21. Rdc1 Kh8 22. Ne3 Qe7 23. Rab1 Qe5 24. Nf3 Qxf4 25. gxf4 h6 26. Nd4 g6 27.
Rb6 Kg7 28. Nd5 Rd7 29. Bh3 Ne6 30. Nb5 f5 31. e3 Bxb5 32. Rxb5 a4 33. Rb4 N6c5
34. Rc2 Nd3 35. Rb1 (35. Rxa4 Ne1 {[%cal Re1c2,Re1f3,Rf3h4]}) 35... Red8 36.
Bf1 Ndc5 37. Rb4 Rf7 38. Nb6 Kf6 39. Kg2 $1 {[%cal Rf2f3]} (39. Nxa4 $6 Nxa4
40. Rxa4 Nc5) 39... Na6 40. Nd5+ Ke6 41. Rxa4 $16 {The rest is a matter of
technique.} Rg8 42. f3 Nec5 43. Ra5 g5 44. fxg5 hxg5 45. hxg5 Rxg5+ 46. Kf2 Rh7
47. Nf4+ Kd7 48. Rb5 Kc6 49. Rd2 Rh2+ 50. Bg2 Nb8 51. Kg1 Rh4 52. Rb1 Nbd7 53.
Rbd1 Rh6 54. Ne2 Rhg6 55. Nf4 Rh6 56. Ne2 Rhg6 57. Nd4+ Kb6 58. Rb1+ Ka6 59.
Rb4 Nb6 60. Kf1 Nd3 61. Rxd3 Rxg2 62. Ne2 Rh2 63. Rdb3 d5 64. cxd5 Ka7 65. Nf4
Rgh6 66. Rb2 Rh1+ 67. Kf2 Rc1 68. Rb1 Rc7 69. Ke2 Rh2+ 70. Kd3 Nd7 71. e4 Ne5+
72. Ke3 fxe4 73. Kxe4 Nc4 74. Ne6 Nd2+ 75. Kd3 Rd7 76. Ra4+ Kb8 77. Rb5 Nxf3
78. Rba5 Ne5+ 79. Ke3 b5 80. Ra8+ Kb7 81. R4a7+ Kb6 82. Ra6+ Kb7 83. Nc5+ Kc7
84. R8a7+ Kd8 85. Nxd7 Nxd7 86. Rd6 Rh7 87. Kd4 1-0

[Event "Japfa Classic"]
[Site "Bali"]
[Date "2000.04.28"]
[Round "6"]
[White "Ehlvest, Jaan"]
[Black "Seirawan, Yasser"]
[Result "1/2-1/2"]
[WhiteElo "2622"]
[BlackElo "2647"]
[Annotator "Engqvist"]
[PlyCount "95"]
[EventDate "2000.04.22"]
[EventType "tourn"]
[EventRounds "9"]
[EventCountry "INA"]
[EventCategory "16"]
[SourceTitle "CBM 077"]
[Source "ChessBase"]
[SourceDate "2000.07.27"]
[SourceVersion "1"]
[SourceVersionDate "2000.07.27"]
[SourceQuality "1"]

1. d4 Nf6 2. c4 e6 3. g3 Bb4+ 4. Bd2 Qe7 5. Nf3 Nc6 6. Bg2 Bxd2+ 7. Nbxd2 d6 8.
Nf1 $5 {[%cal Yf1e3]} (8. O-O {followed by 9.e4 is the classical continuation.}
) 8... O-O 9. Ne3 {[%cal Ge3d5,Ge3f5,Ge3g4] This knightmanoeuvre in the spirit
of Steinitz is a hypermodern approach to the Bogo-Indian setup. The knight is
centralized and flexible on e3 and could sometimes be played to d5 after black
has played e6-e5. If it's not played to d5 it will have the function to limit
the action from Bc8. Although white's spaceadvantage has lesser value after
the bishopexchange the exchange has created a tempting square on e3 for the
queensknight who no longer needs too think about disturbing a bishop on c1. It
is interesting that putting a knight on e3 in front of the centrepawn is
relatively common nowadays. For instance in the English positions we have the
same idea.} Qd8 $1 $146 {[%cal Yc6e7,Yc8d7,Yd7c6] A good positional move which
creates harmony in the position. After the further backward developmentmove
Ne7 black could try to develop the bishop via d7-c6. If he succeds with this
plan the knight on e3 will look meaningless.} ({The more aggressive} 9... Ne4 {
was regarded as the best move in the old days.} 10. O-O (10. d5 $5 Nd8 11. Nd4
Nc5 12. b4 Na6 13. a3 e5 14. Ndf5 Qf6 15. Be4 h5 $1 $13 {Trifunovic-Keres,
Prague 1937}) 10... Nd8 11. Qc2 f5 12. d5 Ng5 13. dxe6 Nxf3+ 14. Bxf3 Bxe6 15.
Nd5 $14 {Benko-Flesch, Belgrade 1964}) (9... e5 10. d5 $5 ({The natural} 10.
O-O {is investigated in more detail in CBM 54 Survey Opening by Ftacnik.})
10... Nb8 11. b4 Nh5 12. O-O f5 13. c5 $1 Nd7 14. Rc1 $16 {Vilert-Gipslis,
SSSR 1974}) (9... d5 $6 10. O-O Rd8 11. Rc1 dxc4 12. Nxc4 e5 13. Ncxe5 Nxd4 14.
Nxd4 Qxe5 15. Nc6 $1 Rxd1 16. Nxe5 Rd2 17. Rfd1 Rxd1+ 18. Rxd1 Kf8 19. Rd8+ Ke7
20. Rh8 h6 21. f4 c5 22. b3 Ne8 23. Nc6+ bxc6 24. Bxc6 $18 {Abramovic-Horvath,
EUCup G5 Pula (1), 1999. The idea with d6-d5, d5xc4 and e6-e5 is too
optimistic and doesn't work.}) 10. O-O Ne7 {Placing a knight on e7 behind a
pawn on e6 reminds a little bit about Philidor's approach to the game. Black
frees all his pawns (except the pawn on f7 in this position) and creates
flexibility and possibilities for the pawns to advance and create advantageous
pawnstructures. This kind of set up sometimes arises in the g3-variation in
the Kings-Indian. Of course the extra pair of blacksquare-bishops then make
black's position slightly less attractive.} 11. Qc2 Bd7 {[%cal Yd7c6]} 12. Nd1
{The knight is not good on e3 in the long run, particularly when black avoids
to open the diagonal with e6-e5. This is the reason the plan started with 9...
Qd8 is so strong. The pawn on e6 kills the knight on e3 and at the same time
the pawn doesn't have any disturbing influence on black because the bishop
finds other routes.} Rc8 $1 {[%cal Yc7c5]} 13. b4 $1 Bc6 {Black finally
manages to prove other ways for the bishop to develop than the usual e6-e5 and
Bg4.} ({After} 13... c5 {white plays} 14. dxc5 dxc5 15. b5 {with a good
position.}) 14. Nc3 {[%cal Yb1d2,Yd2f1,Yf1e3,Ye3d1,Yd1c3] A very long journey
from b1-d2-f1-e3-d1 just to reach its normal square! On the other hand Black
has moved his queen several times too. This is typical of modern chess which
is completely different from the more stereotyped chess in the past.} Bxf3 $1
15. Bxf3 c6 {Black plans to set up an advantageous pawnstructure which hems in
the bishop.} 16. Qb3 d5 17. e3 dxc4 $1 {[%cal Ye7d5,Ye6e5] In a hypermodern
manner black creates an outpost on d5 and secures a good game. The next step
is to strive for the equalising e6-e5.} 18. Qxc4 Ned5 19. Ne2 Qe7 20. Rab1 e5 {
Black now has to reckon with only one pawn in the centre.} 21. dxe5 Qxe5 22.
Qd4 {[%tqu "En","What is black's best move?","","","e5b8","Of course the queen
on d4 is misplaced.",10]} Qb8 $11 {[%cal Yf8d8,Yd5c7,Yc7e6] Of course the
queen on d4 is misplaced.} 23. Rfd1 Nc7 24. Qc4 Ne6 25. Nd4 Nxd4 26. Rxd4 Rfd8
27. Rbd1 h6 28. Kg2 Qc7 29. a4 Rxd4 30. Qxd4 {[%cal Gd4d8]} b6 {[%cal Yc6c5]
Black's pawnmajority is slightly stronger than white's but white is okay
because he controls the only open file.} 31. Rc1 c5 32. bxc5 bxc5 33. Qf4 {
The simplest way to disarm black's queensidemajority. After the queenexchange
white controls the passed pawn by approaching it with the king.} Qxf4 34. gxf4
{[%cal Yg2f1,Yf1e2,Ye2d2,Yd2c2]} Kf8 35. Kf1 Ke7 36. Ke2 Ne8 37. h4 Nd6 38. Rb1
c4 39. Kd2 c3+ 40. Kc2 Rc4 41. Ra1 a5 42. Bd5 Rc5 43. Rd1 Nc4 44. Rd4 Na3+ 45.
Kc1 c2 46. Rd3 Nc4 47. Rc3 Rxd5 48. Rxc4 {Rh5 49.Kxc2 Rxh4 50.Rc5 Th2=} 1/2-1/2